Licences Nintendo - Décodeur - Statistiques

Statistiques générales
  • Ce quiz a été pris 1 767 fois
    1 459 depuis la dernière actualisation
  • Le résultat moyen est 9 sur 15
Statistiques - réponses
Indice Réponse % Correct
Nom de l'avatar personnalisable apparu sur la Wii Mii
92%
Objet qui fait déraper dans la série Mario Kart Banane
88%
Version complémentaire au jeu Pokémon Ultra-Soleil Ultra-Lune
86%
Royaume servant de cadre dans plusieurs opus de la série The Legend of Zelda Hyrule
78%
Héroïne de la série Metroid Samus Aran
74%
On doit en récolter plusieurs dans Super Mario Sunshine Soleils
68%
Jeu de tir où s'affrontent les "Inklings" Splatoon
66%
La réponse cachée est : _ _ _ _ _ / _ _ _ _ _ / _ _ _ _ {Super} {Smash} {Bros}
60%
Fox McCloud est le personnage principal de cette série Star Fox
59%
"Capitaine" le plus emblématique de la série Pikmin Olimar
51%
Jeu de combat sorti en 2017 où les personnages ont des bras extensibles Arms
46%
Dans la série Animal Crossing, taupe qui n'hésitait pas à passer un savon au joueur lorsqu'il quittait le jeu sans sauvegarder Resetti
35%
Accessoire de la NES qui permettait de jouer à deux jeux : Gyromite et Stack-Up R.O.B
33%
Jeu de course de moto édité par Nintendo en 1984 Excitebike
24%
Planète en forme d'étoile où vit Kirby Popstar
16%
Aucun quiz correspondant
Distribution des résultats
% des personnes avec chaque résultat
Percentile par nombre de réponses
Votre historique - résultats
Vous n’avez pas pris ce quiz depuis la dernière actualisation